| 000 -LEADER |
| fixed length control field |
02549nam a2200289Ia 4500 |
| 001 - CONTROL NUMBER |
| control field |
23579 |
| 003 - CONTROL NUMBER IDENTIFIER |
| control field |
GE_BSU |
| 005 - DATE AND TIME OF LATEST TRANSACTION |
| control field |
20191004162509.0 |
| 008 - FIXED-LENGTH DATA ELEMENTS--GENERAL INFORMATION |
| fixed length control field |
181216s2018||||ru |||||||||||||| ||rus|| |
| 020 ## - INTERNATIONAL STANDARD BOOK NUMBER |
| International Standard Book Number |
9789941462801 |
| 040 ## - CATALOGING SOURCE |
| Transcribing agency |
GE_BSU |
| 080 ## - UNIVERSAL DECIMAL CLASSIFICATION NUMBER |
| Universal Decimal Classification number |
330.34(063) M-43 |
| 245 ## - TITLE STATEMENT |
| Title |
Международная научно-практическая конференция "Молодежное предпринимательство в странах восточного партнертсва: опыт формирования и перспективы развития". 13-14 сентября. |
| Remainder of title |
В рамках реализации проекта "Высшие учебные заведения для молодежного предпринимательства" по программе Erasmus+. Тезисы / |
| Statement of responsibility, etc. |
програмный комитет : М. Халваши ; В.Гросул ; И. Дидманидзе и др. |
| 264 ## - PRODUCTION, PUBLICATION, DISTRIBUTION, MANUFACTURE, AND COPYRIGHT NOTICE |
| Place of production, publication, distribution, manufacture |
Батуми, |
| Date of production, publication, distribution, manufacture, or copyright notice |
2018. |
| 300 ## - PHYSICAL DESCRIPTION |
| Extent |
220 стр.: |
| Dimensions |
20 см. |
| 505 ## - FORMATTED CONTENTS NOTE |
| Formatted contents note |
Библ. в конце текстов. |
| 653 ## - INDEX TERM--UNCONTROLLED |
| keyword |
В рамках реализации проекта "Высшие учебные заведения для молодежного предпринимательства" по программе Erasmus+. |
| 653 ## - INDEX TERM--UNCONTROLLED |
| keyword |
Международная научно-практическая конференция "Молодежное предпринимательство в странах восточного партнертсва: опыт формирования и перспективы развития |
| 653 ## - INDEX TERM--UNCONTROLLED |
| keyword |
Тезисы |
| 653 ## - INDEX TERM--UNCONTROLLED |
| keyword |
Экономика |
| 653 ## - INDEX TERM--UNCONTROLLED |
| keyword |
ეკონომიკა |
| 700 ## - ADDED ENTRY--PERSONAL NAME |
| Personal name |
Халваши , М |
| Relator term |
Международн. програмный комитет |
| 9 (RLIN) |
4540 |
| 700 ## - ADDED ENTRY--PERSONAL NAME |
| Personal name |
Гросул, В |
| Relator term |
Международн. програмный комитет |
| 9 (RLIN) |
4541 |
| 700 ## - ADDED ENTRY--PERSONAL NAME |
| Personal name |
Дидманидзе , И |
| Relator term |
Международн. програмный комитет |
| 9 (RLIN) |
4542 |
| 710 ## - ADDED ENTRY--CORPORATE NAME |
| Relator term |
Батумский гос. ун-т им. Шота Руставели., Харьковский гос. ун-т питания и торговли., Армянский гос. экономич.ун-т., Белорусск. торгово-экономич. ун-т потребительской кооперации., технич. ун-т Молдовы. Экономич. акад. Молдовы., МАНИО. Пубичная физико-математич. школа №6 г. Батуми. |
| 9 (RLIN) |
4543 |
| 942 ## - ADDED ENTRY ELEMENTS (KOHA) |
| Koha item type |
წიგნი |
| Source of classification or shelving scheme |
|